Billie Eilish - OVER NOW Extended Edit Lyrics - Statistics

General Stats
  • This quiz has been taken 137 times
  • The average score is 225 of 291
Answer Stats
Answer % Correct
I
99%
(I)
99%
(I
99%
it
99%
You
94%
you
94%
(you
94%
a
91%
it's
91%
It's
91%
(It's
91%
where
90%
(Where
90%
did
88%
me
88%
me)
88%
now
88%
now)
88%
over
88%
The
87%
the
87%
were
87%
we're
87%
We're
87%
go?
85%
go?)
85%
so
85%
to
85%
Your
84%
your
84%
know
82%
know)
82%
on
82%
wanted
82%
And
81%
never
81%
Never
81%
Wanna
81%
wanna
81%
(wanna
81%
But
79%
didn't
79%
keep
79%
mediocre
79%
glad
78%
Like
78%
my
76%
of-
76%
of
76%
Ooh
76%
ooh
76%
just
75%
see
75%
see)
75%
somethin'
75%
That
75%
that
75%
you're
75%
You're
75%
couldn't
73%
got
73%
I'm
73%
Say
73%
both
72%
(da-da-da-da)
72%
her
72%
pretty
72%
still
72%
Ferrari
70%
party
70%
tell
70%
tell)
70%
told
70%
what
70%
at
69%
dance
69%
need
69%
shoulder?
69%
was
69%
With
69%
Camera
67%
camera
67%
hand
67%
happy
67%
Miss
67%
miss
67%
pity
67%
such
67%
Too
67%
alone
66%
alone)
66%
care
66%
found
66%
girl's
66%
guy
66%
not
66%
way
66%
went
66%
down
64%
took
64%
Bet
63%
Caught
63%
once
63%
baby
61%
baby)
61%
believe
61%
try
61%
seen
60%
should've
60%
weren't
60%
another
58%
Dating
58%
fan
58%
('Nother
58%
'Til
58%
Wouldn't
58%
complicated
57%
lately
57%
looking
55%
older
55%
Is
54%
(maybe)
54%
maybe
54%
around
52%
around)
52%
obsessed
52%
save
52%
secret
52%
self
52%
wasn't
52%
complete
51%
mean
49%
bad
48%
lazy
45%
satiated
42%
Guess
39%
Well
36%
No matching quizzes found
Score Distribution
Percent of People with Each Score
Percentile by Number Answered
Your Score History
You have not taken this quiz